| 000 | 00952nam a2200265 i 4500 | ||
|---|---|---|---|
| 001 | 42767 | ||
| 003 | ES-MaACL | ||
| 005 | 20250712062538.0 | ||
| 007 | t| | ||
| 008 | 030314s1959 sp cfo |||| |aspa d | ||
| 080 | _a929 Cela, Camilo José | ||
| 080 | _a821.134.2-94"19" | ||
| 100 | 1 |
_aCela, Camilo José, _d1916-2002 _937336 |
|
| 245 | 1 | 3 |
_aLa cucaña _b: memorias de Camilo José Cela. _nTranco primero, _pInfancia dorada, pubertad siniestra, primera juventud. _nLibro primero, _pLa rosa / _cCamilo José Cela. |
| 246 | 1 | 8 |
_aLa cucaña. _pLa rosa |
| 250 | _a1ª ed. | ||
| 260 |
_aBarcelona : _bDestino, _c[1959] ( _fClarasó) |
||
| 300 |
_a223 p., [22] p. de lám. fot. ; _c22 cm. |
||
| 490 | 1 |
_aSer o no ser. _aBiografías |
|
| 600 | 1 | 4 |
_aCela, Camilo José, _d1916-2002- _xBiografías _937337 |
| 740 | 3 | 2 | _aLa rosa. |
| 830 | 0 |
_aSer o no ser. _aBiografías _9182266 |
|
| 852 |
_aES-MaACL _jE-3566 _z- enc. cart. |
||
| 999 |
_c42767 _d42767 |
||